Неклассическая социальная теория: условия систематизации; Известия Томского политехнического университета [Известия ТПУ]; Т. 307, № 5

Dades bibliogràfiques
Parent link:Известия Томского политехнического университета [Известия ТПУ]/ Томский политехнический университет (ТПУ).— , 2000-
Т. 307, № 5.— 2004.— [С. 164-168]
Autor principal: Рыкун А. Ю. Артем Юрьевич
Sumari:Заглавие с титульного листа
Электронная версия печатной публикации
Статья посвящена новым направлениям социальной теории: теории структурации Э. Гидденса и гендерно-сенситивной социологии Д. Смит. Эксплицируются условия систематизации социальной теории последней четверти двадцатого века.
Idioma:rus
Publicat: 2004
Col·lecció:Социально-экономические и гуманитарные науки
Matèries:
Accés en línia:http://www.lib.tpu.ru/fulltext/v/Bulletin_TPU/2004/v307/i5/37.pdf
Format: MixedMaterials Electrònic Capítol de llibre
KOHA link:https://koha.lib.tpu.ru/cgi-bin/koha/opac-detail.pl?biblionumber=169847

MARC

LEADER 00000nla2a2200000 4500
001 169847
005 20231101222841.0
035 |a (RuTPU)RU\TPU\book\184212 
035 |a RU\TPU\book\184203 
090 |a 169847 
100 |a 20091118d2004 k y0rusy50 ca 
101 0 |a rus 
102 |a RU 
135 |a drnn ---uucaa 
181 0 |a i  
182 0 |a b 
200 1 |a Неклассическая социальная теория: условия систематизации  |b Электронный ресурс  |f А. Ю. Рыкун 
203 |a Текст  |c электронный 
215 |a 1 файл (152 Кб) 
225 1 |a Социально-экономические и гуманитарные науки 
230 |a Электронные текстовые данные (1 файл : 152 Кб) 
300 |a Заглавие с титульного листа 
300 |a Электронная версия печатной публикации 
320 |a [Библиогр.: с. 168 (9 назв.)] 
330 |a Статья посвящена новым направлениям социальной теории: теории структурации Э. Гидденса и гендерно-сенситивной социологии Д. Смит. Эксплицируются условия систематизации социальной теории последней четверти двадцатого века. 
337 |a Adobe Reader 
461 1 |0 (RuTPU)RU\TPU\book\176237  |t Известия Томского политехнического университета [Известия ТПУ]  |f Томский политехнический университет (ТПУ)  |d 2000- 
463 1 |0 (RuTPU)RU\TPU\book\184141  |t Т. 307, № 5  |v [С. 164-168]  |d 2004  |p 197 с. 
600 1 |a Гидденс  |b Э.  |c английский социолог  |f 1938-  |g Энтони  |2 stltpush  |3 (RuTPU)RU\TPU\pers\1398  |9 619 
610 1 |a социальные теории 
610 1 |a условия 
610 1 |a систематизация 
610 1 |a направления 
610 1 |a структурация 
610 1 |a гендерно-сенситивная социология 
610 1 |a систематизация 
610 1 |a электронный ресурс 
700 1 |a Рыкун  |b А. Ю.  |g Артем Юрьевич 
801 1 |a RU  |b 63413507  |c 20090623  |g PSBO 
801 2 |a RU  |b 63413507  |c 20140402  |g PSBO 
856 4 |u http://www.lib.tpu.ru/fulltext/v/Bulletin_TPU/2004/v307/i5/37.pdf 
942 |c CF